000 00275nam a2200097Ia 4500
001 983321
005 20251230104638.0
008 250824s9999 xx 000 0 und d
245 0 _aÇOCUKLAR İÇİN SHERLOCK HOLMES - KIZIL ÇEMBER
_cSİR ARTHUR CONAN DOYLE
260 _bRen Kitap
999 _c983321
_d983321